000 00572cab a2200193 4500
001 ABS40153
008 090401t1988 xxu||||| |||| 00| 0 eng d
035 _a(Sirsi) u21786
041 _aeng
100 _aSlavid, R.
245 _aConfusion about quality assurance
260 _c1988
350 _a0
490 _aConstruction News
_v(6090) 1 December 1988, 16(1)
520 _aDiscusses the current trends in quality assurance in the construction industry .
690 _aMANAGEMENT-BUSINESS MANAGEMENT-PROFESSIONAL PRACTICE
942 _n0
948 _c04/03/1997
999 _c14604
_d14604